| 000 | 00698cab a2200253 4500 | ||
|---|---|---|---|
| 001 | ABS57699 | ||
| 008 | 090401t1997 xxu||||| |||| 00| 0 eng d | ||
| 035 | _a(Sirsi) u81509 | ||
| 041 | _aeng | ||
| 100 | _aLewis, S. | ||
| 245 | _aValue judgement | ||
| 260 | _c1997 | ||
| 350 | _a0 | ||
| 490 |
_aBuilding _v262(40) 10 October 1997, 38(1) |
||
| 520 | _aExplains the concept of `best value`, and what it will mean for the private sector. | ||
| 650 | _aBEST VALUE | ||
| 650 | _aCCT | ||
| 650 | _aCOMPULSORY COMPETITIVE TENDERING | ||
| 650 | _aLOCAL AUTHORITIES | ||
| 650 | _aPRIVATE SECTOR | ||
| 690 | _aBUILT ENVIRONMENT-BUILDING CONTRACT FORMS | ||
| 942 | _n0 | ||
| 948 | _c17/10/1997 | ||
| 999 |
_c51351 _d51351 |
||